Tous les joueurs du Toulouse FC depuis 2010 - Statistiques

Statistiques générales
  • Ce quiz a été pris 74 fois
  • Le résultat moyen est 53 sur 185
Statistiques - réponses
Poste(s) Nationalité Saison(s) Réponse % Correct
Attaquant France 2010-2016 Wissam Ben Yedder
85%
Gardien France 2023- Guillaume Restes
82%
Attaquant Pays-Bas 2022-2024 Thijs Dallinga
75%
Gardien France 2015-2018 Alban Lafont
73%
Gardien Comores 2010-2016 Ali Ahamada
69%
Milieu Pays-Bas 2020-2023 Branco van den Boomen
67%
Attaquant Maroc 2019-2021 Amine Adli
65%
Attaquant Danemark 2013-2017 Martin Braithwaite
65%
Milieu Maroc 2022- Zakaria Aboukhlal
65%
Défenseur France 2024- Djibril Sidibé
62%
Gardien France 2020-2023 Maxime Dupé
62%
Défenseur Danemark 2021- Rasmus Nicolaisen
62%
Milieu Suisse 2023- Vincent Sierro
62%
Milieu France 2012-2013 Adrien Rabiot
60%
Attaquant Norvège 2023- Aron Dønnum
60%
Milieu France 2018-2022 Kalidou Sidibé
60%
Défenseur Angleterre 2024- Charlie Cresswell
58%
Défenseur/milieu Chili 2023- Gabriel Suazo
58%
Défenseur France 2015-2018 Issa Diop
58%
Défenseur Guinée 2012-2023 Issiaga Sylla
58%
Gardien Norvège 2022- Kjetil Haug
58%
Milieu France 2019-2021 Manu Koné
58%
Attaquant France 2007-2010 André-Pierre Gignac
56%
Attaquant Cameroun 2023- Franck Magri
56%
Milieu Pays-Bas 2020-20232023-2024 Stijn Spierings
56%
Milieu France/Côte d’Ivoire 2024- Yann Gboho
56%
Milieu Belgique 2020-2023 Brecht Dejaegere
55%
Défenseur Cap-Vert 2021-2024 Logan Costa
55%
Milieu Vénézuéla 2023- Cristian Cásseres
53%
Milieu Australie 2021- Denis Genreau
53%
Attaquant Suède 2016-2018 Ola Toivonen
53%
Attaquant Angleterre 2020-2023 Rhys Healey
53%
Attaquant Japon 2021-2023 Ado Onaiwu
51%
Défenseur Danemark 2021-2024 Mikkel Desler
51%
Milieu Argentine 2013-2017 Oscar Trejo
51%
Attaquant Gabon 2024- Shavy Babicka
51%
Défenseur Norvège 2023- Warren Kamanzi
51%
Gardien Espagne 2023- Alex Dominguez
49%
Défenseur France 2020-2024 Anthony Rouault
49%
Défenseur Tunisie 2011-2014 Aymen Abdennour
49%
Milieu Algérie 2022-2023 Farès Chaïbi
49%
Défenseur États-Unis 2024- Mark Mckenzie
49%
Attaquant Côte d’Ivoire 2017-2020 Max-Alain Gradel
49%
Défenseur Mali 2019-2024 Moussa Diarra
49%
Milieu France 2007-2013 Moussa Sissoko
49%
Attaquant Brésil 2021-2023 Rafael Ratao
49%
Attaquant Norvège 2024- Joshua King
47%
Défenseur Gabon 2016-2017 Yrondu Musavu-King
47%
Milieu Suède 2016-2019 Jimmy Durmaz
45%
Milieu Allemagne 2023- Niklas Schmidt
45%
Milieu France 2008-2016 Etienne Didot
42%
Défenseur Suisse 2013-2019 François Moubandje
42%
Gardien Uruguay 2015-2021 Mauro Goicoechea
42%
Milieu Finlande 2021- Naatan Skyttä
42%
Défenseur France 2022-2024 Christian Mawissa
40%
Milieu Côte d’Ivoire 2016-2020 Ibrahim Sangaré
40%
Attaquant France 2019-2021 Janis Antiste
40%
Attaquant Bosnie-Herzégovine 2023- Saïd Hamulic
40%
Défenseur Côte d’Ivoire 2012-2015 Serge Aurier
40%
Gardien France 2018-2020 Baptiste Reynet
38%
Défenseur Roumanie 2024- Ümit Akdag
38%
Milieu France 2014-2019 Yann Bodiger
38%
Attaquant France 2017-2020 Yaya Sanogo
38%
Attaquant Belgique 2018-2021 Aaron Leya Iseka
36%
Milieu Maroc 2009-2016 Adrien Regattin
36%
Milieu Espagne 2023- César Gelabert
36%
Défenseur Colombie 2020-2021 Deiver Machado
36%
Milieu Portugal 2009-2012 Paulo Machado
36%
Défenseur France 2018-2022 Bafodé Diakité
35%
Milieu France 2007-2013 Etienne Capoue
35%
Défenseur France 2016-2019 Christopher Julien
33%
Attaquant Grèce 2019-2021 Efthýmis Kouloúris
33%
Gardien Suède 2021-2023 Isak Pettersson
33%
Défenseur/milieu Côte d’Ivoire 2011-2017 Jean-Daniel Akpa-Akpro
33%
Attaquant Jamaïque 2022-2024 Junior Flemmings
33%
Défenseur France 2016-2021 Kelvin Amian
33%
Défenseur Suède 2022- Oliver Zanden
33%
Défenseur/milieu France 2009-2013 Franck Tabanou
31%
Attaquant Pays-Bas 2023- Ibrahim Cissoko
31%
Milieu France 2024- Jaydee Canvot
31%
Milieu Togo 2018-2020 Mathieu Dossevi
31%
Milieu Slovénie 2024- Miha Zajc
31%
Milieu/attaquant France 2019-2022 Nathan Ngoumou
31%
Attaquant Maroc 2021-2024 Yanis Begraoui
31%
Milieu/attaquant Burkina Faso 2021-2024 Mamady Bangré
29%
Milieu Espagne 2018-2019 Manu Garcia
29%
Attaquant France 2023- Noah Edjouma
29%
Défenseur Norvège 2019-2022 Ruben Gabrielsen
27%
Défenseur Burkina Faso 2012-2019 Steeve Yago
27%
Milieu France 2015-2017 Zinédine Machach
27%
Attaquant Algérie 2017-2018 Andy Delort
25%
Milieu France 2004-2017 Pantxi Sirieix
25%
Attaquant Côte d’Ivoire 2020-2021 Vakoun Issouf Bayo
25%
Milieu/attaquant Serbie 2022-2024 Veljko Birmančević
25%
Défenseur Uruguay 2019-2022 Agustin Rogel
24%
Milieu France 2015-2019 Alexis Blin
24%
Défenseur Japon 2019-2020 Gen Shōji
24%
Milieu Trinité-et-Tobago 2018-2020 John Bostock
24%
Défenseur Cameroun 2021-2024 Kévin Keben
24%
Gardien France 2009-2019 Marc Vidal
24%
Défenseur Cap-Vert 2018-2021 Steven Moreira
24%
Attaquant Serbie 2014-2017 Aleksandar Pešić
22%
Défenseur France 2018-2019 Jean-Clair Todibo
22%
Défenseur Belgique 2020-2021 Sébastien Dewaest
22%
Défenseur Serbie 2013-2017 Uroš Spajić
22%
Attaquant France 2019-2021 Wesley Saïd
22%
Gardien France 2014-2015 Zacharie Boucher
22%
Défenseur Cameroun 2015-2016 Jean-Armel Kana-Biyik
20%
Milieu France 2019-2020 William Vainqueur
20%
Milieu Grèce 2022-2023 Cháris Tsingáras
18%
Milieu France 2013-2014 Clément Chantôme
18%
Attaquant RDC 2018-2021 Firmin Mubele
18%
Défenseur Serbie 2011-2017 Pavle Ninkov
18%
Milieu Maroc 2014-2016 Youssef Ben Ali
18%
Milieu/attaquant France 2017-2020 Corentin Jean
16%
Attaquant Norvège 2008-2013 Daniel Braaten
16%
Défenseur France 2004-2012 Daniel Congré
16%
Attaquant Martinique 2011-2013 Emmanuel Rivière
16%
Gardien Croatie 2019-2020 Lovre Kalinić
16%
Défenseur RDC 2014-2016 Marcel Tisserand
16%
Milieu France 2023- Noah Lahmadi
16%
Milieu France 2020-2023 Sam Sanna
16%
Milieu Mali 2014-2017 Tongo Doumbia
16%
Défenseur Sénégal 2007-2013 Cheick M’Bengue
15%
Défenseur France 2016-2019 Clément Michelin
15%
Attaquant Israël 2013-2014 Eden Ben Basat
15%
Milieu RDC 2017-2018 Giannelli Imbula
15%
Défenseur Argentine 2007-2011 Mauro Cetto
15%
Milieu/attaquant Guinée 2005-2011 Fodé Mansaré
13%
Milieu Brésil 2015-2018 Somalia
13%
Attaquant Turquie 2011-2013 Umut Bulut
13%
Milieu France 2017-2019 Yannick Cahuzac
13%
Milieu Colombie 2013-2016 Abel Aguilar
11%
Milieu/attaquant France 2019-2021 Adil Taoui
11%
Milieu France 2015-2020 Quentin Boisgard
11%
Défenseur Cameroun 2020-2022 Steve Mvoué
11%
Défenseur Cap-Vert 2017-2019 Steven Fortes
11%
Défenseur Brésil 2014-2017 William Matheus
11%
Défenseur Serbie 2014-2017 Dušan Veškovac
9%
Attaquant Paraguay 2010-2011 Federico Santander
9%
Milieu France 2019-2020 Jean-Victor Makengo
9%
Milieu France 2016-2019 Jessy Pi
9%
Défenseur Mali 2004-2012 Mohamed Fofana
9%
Gardien France 2012-2014 Olivier Blondel
9%
Milieu/attaquant Belgique 2016-2017 Dodi Lukebakio
7%
Défenseur Roumanie 2014-2016 Dragoș Grigore
7%
Défenseur France 2012-2014 Jonathan Zebina
7%
Défenseur France 2019-2021 Mathieu Goncalves
7%
Milieu France 2010-2011 Yanis Tafer
7%
Milieu Maroc 2012-2013 Adil Hermach
5%
Milieu Pologne 2014-2017 Dominik Furman
5%
Défenseur Portugal 2012-2014 Kévin Rodrigues
5%
Milieu France 2015-2017 Mathieu Cafaro
5%
Gardien France 2009-2011 Matthieu Valverde
5%
Milieu Roumanie 2013-2016 Mihai Roman
5%
Attaquant France 2016-2017 Odsonne Édouard
5%
Attaquant Cameroun 2021-2022 Stéphane Zobo
5%
Attaquant France 2004-2011 Xavier Pentecôte
5%
Défenseur Uruguay 2010-2011 Adrian Gunino
4%
Milieu France 2009-2012 Antoine Devaux
4%
Gardien France 2020-2021 Florentin Bloch
4%
Milieu France 2018-2019 Hakim El Mokeddem
4%
Défenseur France 2019-2020 Nicolas Isimat-Mirin
4%
Attaquant Danemark 2008-2011 Søren Larsen
4%
Milieu Cameroun 2018-2019 Stéphane Mbia
4%
Défenseur France 2021-2023 Tom Rapnouil
4%
Attaquant Portugal 2012-2013 Yannick Djalo
4%
Attaquant France 2008-2012 Ahmed Soukouna
2%
Attaquant France 2010-2015 Amadou Soukouna
2%
Défenseur Cameroun 2009-2010 Dany Nounkeu
2%
Défenseur France 2014-2015 Driss Trichard
2%
Défenseur Algérie 2014-2016 Maxime Spano
2%
Milieu France 2007-2014 Mickaël Firmin
2%
Milieu/attaquant Bénin 2011-2013 Yannick Aguemon
2%
Défenseur Cameroun 2013-2014 Dany Maury
0%
Attaquant Maroc 2017-2019 Driss Khalid
0%
Défenseur Algérie 2014-2015 Ilias Hassani
0%
Milieu France 2020-2021 Illies Soudani
0%
Défenseur France 2020-2021 Jean Phillipe Celestin
0%
Attaquant Algérie 2013-2014 Mehdi Fennouche
0%
Attaquant France 2020-2021 Paul Bonneau
0%
Attaquant France 2016-2017 Quentin Depehi
0%
Milieu France 2020-2021 Sacha Semaoun
0%
Défenseur France 2014-2015 Sami Larabi
0%
Milieu Suisse 2020-2021 Samuel Kasongo
0%
Aucun quiz correspondant
Distribution des résultats
% des personnes avec chaque résultat
Percentile par nombre de réponses
Votre historique - résultats
Vous n’avez pas pris ce quiz